header

Seasonal carbon cycling in the Sargasso Sea near Bermuda (Record no. 58352)

MARC details
000 -LEADER
fixed length control field 01572nam a2200373 a 4500
082 04 - DEWEY DECIMAL CLASSIFICATION NUMBER
Classification number 551.46/462
100 1# - MAIN ENTRY--AUTHOR NAME
Personal name Gruber, Nicolas,
245 10 - TITLE STATEMENT
Title Seasonal carbon cycling in the Sargasso Sea near Bermuda
260 ## - PUBLICATION, DISTRIBUTION, ETC. (IMPRINT)
Place of publication Berkeley :
Name of publisher University of California Press,
Year of publication 1999.
300 ## - PHYSICAL DESCRIPTION
Number of Pages viii, 96 p. :
Other physical details ill.
490 1# - SERIES STATEMENT
Series statement Bulletin of the Scripps Institution of Oceanography, University of California, San Diego ;
650 #0 - SUBJECT ADDED ENTRY--TOPICAL TERM
Topical Term Seawater
Topical Term Carbon
Topical Term Carbon cycle (Biogeochemistry)
700 1# - ADDED ENTRY--PERSONAL NAME
Personal name Keeling, Charles D.,
856 40 - ELECTRONIC LOCATION AND ACCESS
Uniform Resource Identifier http://site.ebrary.com/lib/rucke/Doc?id=10676167

No items available.

© 2026 Rongo University
Contact us: librarian | system librarian | Rongo university